[Event "4NCL Division 3 North"]
[Site "Bolton, ENG"]
[Date "2020.01.11"]
[Round "3.75"]
[White "Reed, John"]
[Black "Haslinger, J Mike"]
[Result "1-0"]
[WhiteElo "1982"]
[BlackElo "1769"]
[PlyCount "105"]
[EventDate "2020.01.11"]
[WhiteTeam "Manchester Manticores 2"]
[BlackTeam "Manx Liberty 2"]

1. d4 d5 2. c4 e6 3. Nc3 Nf6 4. cxd5 exd5 5. Bg5 Be7 6. e3 c6 7. Bd3 O-O 8. Qc2
g6 9. Nge2 Nh5 10. Bxe7 Qxe7 11. O-O-O f5 12. Ng3 Nf6 13. h4 Ne4 14. Bxe4 fxe4
15. h5 g5 16. Qe2 Nd7 17. Rdf1 Nf6 18. f3 Bd7 19. f4 Bg4 20. Qe1 gxf4 21. Rxf4
c5 22. Qd2 Be6 23. Rhf1 c4 24. Nf5 Bxf5 25. Rxf5 Rad8 26. Qe2 h6 27. g4 Kh7 28.
Qg2 a6 29. g5 hxg5 30. Qxg5 Rg8 31. Qxf6 Qxf6 32. Rxf6 Rg3 33. Kd2 Rh3 34. R6f5
Rh2+ 35. R1f2 Rxf2+ 36. Rxf2 b5 37. Rf5 Rg8 38. Nxd5 Rg2+ 39. Kc3 Re2 40. Rf4
Kh6 41. Rf6+ Kh7 42. Rxa6 b4+ 43. Kxb4 Rxb2+ 44. Kxc4 Rc2+ 45. Kb5 Rb2+ 46. Kc5
Rc2+ 47. Kd6 Kh6 48. Ke5+ Kxh5 49. Kxe4 Kg5 50. a4 Rc8 51. a5 Re8+ 52. Kd3 Rd8
53. e4 1-0

[Event "4NCL Division 3 North"]
[Site "Bolton, ENG"]
[Date "2020.01.11"]
[Round "3.76"]
[White "Costello, John"]
[Black "Hilton, Tim"]
[Result "1-0"]
[WhiteElo "1722"]
[BlackElo "1975"]
[PlyCount "95"]
[EventDate "2020.01.11"]
[WhiteTeam "Manx Liberty 2"]
[BlackTeam "Manchester Manticores 2"]

1. d4 f5 2. Nf3 e6 3. g3 Nf6 4. Bg2 Be7 5. O-O O-O 6. c4 d6 7. Nc3 Ne4 8. Qc2
Nxc3 9. Qxc3 a5 10. a3 Bf6 11. Qc2 e5 12. dxe5 dxe5 13. Rd1 Qe8 14. Bg5 Nc6 15.
Bxf6 Rxf6 16. e3 e4 17. Nd4 Ne5 18. c5 Bd7 19. Qb3+ Kh8 20. Qxb7 Rb8 21. Qxc7
Rxb2 22. Qxa5 Ng4 23. Rd2 Rxd2 24. Qxd2 g5 25. Rc1 Ne5 26. Rb1 g4 27. Qc3 Kg7
28. Rb6 Qg6 29. Rxf6 Qxf6 30. Qb4 Nf3+ 31. Bxf3 exf3 32. Qb6 Qf7 33. Qb3 Qh5
34. Qd3 f4 35. c6 fxg3 36. hxg3 Bc8 37. a4 Qa5 38. Qd1 Qc3 39. Nb5 Qxc6 40.
Qd4+ Kg8 41. Qd8+ Kg7 42. Qe7+ Kg6 43. Nd6 Qd7 44. Qxd7 Bxd7 45. a5 Bc6 46. a6
Kf6 47. a7 Ke6 48. Nc4 1-0

[Event "4NCL Division 3 North"]
[Site "Bolton, ENG"]
[Date "2020.01.12"]
[Round "4.11"]
[White "Potter, Steven"]
[Black "Taylor, John Paul"]
[Result "1/2-1/2"]
[WhiteElo "1825"]
[BlackElo "1862"]
[PlyCount "67"]
[EventDate "2020.01.12"]
[WhiteTeam "Manchester Manticores 4"]
[BlackTeam "J'Adoube 2"]

1. d4 Nf6 2. Bg5 d5 3. Bxf6 gxf6 4. e3 c5 5. dxc5 Qa5+ 6. Nc3 e6 7. Bd3 Bd7 8.
Nge2 Qxc5 9. Nd4 f5 10. O-O Bg7 11. Ncb5 a6 12. Nb3 Qb6 13. N5d4 Nc6 14. c3 Ne5
15. Bc2 O-O-O 16. Nd2 h5 17. b3 Bc6 18. Rb1 Qc7 19. N2f3 h4 20. b4 Rdg8 21. a4
Nxf3+ 22. Qxf3 Be5 23. b5 Bxh2+ 24. Kh1 h3 25. g3 Bxg3 26. fxg3 Rxg3 27. Qf4
axb5 28. Qxc7+ Kxc7 29. axb5 Bd7 30. Rf3 Rg2 31. Rc1 Kd6 32. Bd3 Rd2 33. Bf1 h2
34. Rc2 1/2-1/2

[Event "4NCL Division 3 North"]
[Site "Bolton, ENG"]
[Date "2020.01.12"]
[Round "4.12"]
[White "Davison, Colin F S"]
[Black "Newell, David F"]
[Result "1/2-1/2"]
[WhiteElo "1855"]
[BlackElo "1787"]
[PlyCount "48"]
[EventDate "2020.01.12"]
[WhiteTeam "J'Adoube 2"]
[BlackTeam "Manchester Manticores 4"]

1. Nf3 c5 2. b3 Nc6 3. Bb2 Nf6 4. c4 g6 5. g3 Bg7 6. Bg2 O-O 7. O-O d5 8. cxd5
Nxd5 9. Bxg7 Kxg7 10. Qc1 b6 11. Nc3 e6 12. h4 h6 13. a3 Bb7 14. e4 Nxc3 15.
dxc3 e5 16. Qe3 Qe7 17. Rfd1 Rfd8 18. Rd5 f6 19. b4 cxb4 20. axb4 Qc7 21. Rad1
Ne7 22. R5d2 Rxd2 23. Rxd2 Rd8 24. Nh2 Bc8 1/2-1/2

[Event "4NCL Division 3 North"]
[Site "Bolton, ENG"]
[Date "2020.01.12"]
[Round "4.13"]
[White "Jayawarna, Tarini"]
[Black "Parry, Samuel"]
[Result "0-1"]
[WhiteElo "1637"]
[BlackElo "1840"]
[PlyCount "40"]
[EventDate "2020.01.12"]
[WhiteTeam "Manchester Manticores 4"]
[BlackTeam "J'Adoube 2"]

1. e4 c5 2. Nf3 d6 3. d4 cxd4 4. Nxd4 Nf6 5. Nc3 g6 6. Be3 Bg7 7. f3 O-O 8. Qd2
Nc6 9. O-O-O d5 10. Be2 dxe4 11. fxe4 Nxd4 12. Bxd4 Be6 13. Kb1 Rc8 14. Qe3 Qa5
15. h3 Rfd8 16. Bxa7 Nxe4 17. Bd4 Rxc3 18. Qxe4 Qxa2+ 19. Kc1 Bh6+ 20. Be3 Qa1#
0-1

[Event "4NCL Division 3 North"]
[Site "Bolton, ENG"]
[Date "2020.01.12"]
[Round "4.14"]
[White "Hirst, Joe"]
[Black "Grindrod, John"]
[Result "1-0"]
[WhiteElo "1810"]
[BlackElo "1675"]
[PlyCount "51"]
[EventDate "2020.01.12"]
[WhiteTeam "J'Adoube 2"]
[BlackTeam "Manchester Manticores 4"]

1. e4 e6 2. d4 d5 3. e5 c5 4. c3 Nc6 5. Nf3 a6 6. Be2 cxd4 7. cxd4 Bb4+ 8. Bd2
Bxd2+ 9. Nbxd2 Qb6 10. Nb3 Qb4+ 11. Kf1 Nge7 12. g3 Nf5 13. Kg2 O-O 14. h4 Nh6
15. Qd3 g6 16. h5 Nf5 17. g4 Nfe7 18. Qe3 f5 19. Qh6 Rf7 20. Ng5 Rg7 21. hxg6
Nxg6 22. Nxh7 Nxd4 23. Nf6+ Kf7 24. Nxd4 Qxd4 25. Ne8 Rg8 26. Nd6+ 1-0

[Event "4NCL Division 3 North"]
[Site "Bolton, ENG"]
[Date "2020.01.12"]
[Round "4.15"]
[White "Jayawarna, Thisumi"]
[Black "Connor, Michael I"]
[Result "0-1"]
[WhiteElo "1532"]
[BlackElo "1802"]
[PlyCount "146"]
[EventDate "2020.01.12"]
[WhiteTeam "Manchester Manticores 4"]
[BlackTeam "J'Adoube 2"]

1. e4 Nf6 2. e5 Nd5 3. d4 d6 4. c4 Nb6 5. exd6 cxd6 6. Nc3 g6 7. Be3 Bg7 8. Rc1
O-O 9. Be2 Nc6 10. Nf3 Bg4 11. b3 e6 12. O-O d5 13. c5 Nc8 14. h3 Bxf3 15. Bxf3
N8e7 16. g3 Nf5 17. Ne2 Qf6 18. Bg2 Ncxd4 19. Nxd4 Nxd4 20. Bxd4 Qxd4 21. Qxd4
Bxd4 22. Rc2 Rfc8 23. Rfc1 a5 24. a3 Rc6 25. b4 axb4 26. axb4 Ra3 27. b5 Rc8
28. Kh2 Kf8 29. Bf1 Ke7 30. Kg2 e5 31. c6 bxc6 32. Rxc6 Rxc6 33. bxc6 Kd8 34.
c7+ Kc8 35. Rc6 f5 36. Ba6+ Rxa6 37. Rxa6 Kxc7 38. Ra4 Kc6 39. f4 Kb5 40. Ra2
e4 41. Rd2 Kc4 42. Kf1 Bc3 43. Rd1 d4 44. g4 d3 45. Kf2 Bd4+ 46. Ke1 Be3 47.
gxf5 gxf5 48. h4 h5 49. Kf1 Bxf4 50. Kg2 Kd4 51. Kf2 Be3+ 52. Ke1 f4 53. Ra1 f3
54. Ra4+ Kd5 55. Ra5+ Bc5 56. Kd2 f2 57. Ra1 Ke5 58. Rf1 Kf4 59. Rb1 Kf3 60.
Rd1 Bb4+ 61. Kc1 Ke2 62. Rh1 f1=Q+ 63. Rxf1 Kxf1 64. Kd1 e3 65. Kc1 Bc3 66. Kb1
e2 67. Ka2 e1=Q 68. Kb3 Bf6 69. Kc4 d2 70. Kc5 d1=Q 71. Kc4 Qc3+ 72. Kb5 Qb1+
73. Ka4 Qcb4# 0-1

[Event "4NCL Division 3 North"]
[Site "Bolton, ENG"]
[Date "2020.01.12"]
[Round "4.16"]
[White "Mills, Colin J"]
[Black "Wilson, Jeff"]
[Result "1-0"]
[WhiteElo "1697"]
[BlackElo "1319"]
[PlyCount "53"]
[EventDate "2020.01.12"]
[WhiteTeam "J'Adoube 2"]
[BlackTeam "Manchester Manticores 4"]

1. f4 d5 2. Nf3 Nf6 3. g3 c5 4. Bg2 Nc6 5. O-O e6 6. c3 Be7 7. d3 O-O 8. Na3 a6
9. Nc2 Qc7 10. Qe1 Rd8 11. e4 dxe4 12. dxe4 e5 13. f5 b5 14. h3 Bb7 15. g4 Na7
16. Nxe5 Bd6 17. g5 Bxe5 18. gxf6 Bxf6 19. Bf4 Be5 20. Qg3 Bxf4 21. Rxf4 Qe5
22. Raf1 Rd7 23. f6 g6 24. Ne1 Rad8 25. Nf3 Qe8 26. Rh4 Kh8 27. Rxh7+ 1-0

[Event "4NCL Division 3 North"]
[Site "Bolton, ENG"]
[Date "2020.01.12"]
[Round "4.21"]
[White "Boswell, Jacob Connor"]
[Black "Watson, Phil R"]
[Result "1-0"]
[WhiteElo "2140"]
[BlackElo "2118"]
[PlyCount "85"]
[EventDate "2020.01.12"]
[WhiteTeam "J'Adoube 1"]
[BlackTeam "Bradford DCA Knights A"]

1. e4 c6 2. d4 d5 3. e5 Bf5 4. Nf3 e6 5. Be2 Nd7 6. O-O h6 7. Nbd2 Ne7 8. Nb3
g5 9. Ne1 Bg7 10. f4 Qb6 11. Kh1 O-O-O 12. Bd2 Qc7 13. Bb4 c5 14. Bxc5 Nxc5 15.
Nxc5 gxf4 16. Rf3 f6 17. Rc3 Nc6 18. Bb5 fxe5 19. Nxb7 Qxb7 20. Qe2 exd4 21.
Rxc6+ Kb8 22. a4 Rc8 23. Rxc8+ Qxc8 24. Ra3 Qc5 25. Rb3 Kc7 26. Bd3 Bxd3 27.
Nxd3 Qd6 28. Qd2 Rc8 29. Qa5+ Kd7 30. Rb7+ Rc7 31. Rxc7+ Qxc7 32. Nc5+ Kd6 33.
Qxc7+ Kxc7 34. Nxe6+ Kd6 35. Nxg7 Ke5 36. Kg1 Ke4 37. Kf2 d3 38. cxd3+ Kxd3 39.
Ne6 Kc2 40. Nxf4 d4 41. Ke2 a5 42. Nd3 Kb3 43. g4 1-0

[Event "4NCL Division 3 North"]
[Site "Bolton, ENG"]
[Date "2020.01.12"]
[Round "4.23"]
[White "Turner, John M"]
[Black "Ther, Mate"]
[Result "1-0"]
[WhiteElo "2020"]
[BlackElo "1983"]
[PlyCount "75"]
[EventDate "2020.01.12"]
[WhiteTeam "J'Adoube 1"]
[BlackTeam "Bradford DCA Knights A"]

1. e4 e5 2. Nf3 Nc6 3. Nc3 Nf6 4. Bb5 Nd4 5. Nxd4 exd4 6. e5 dxc3 7. exf6 Qxf6
8. dxc3 c6 9. Bd3 d5 10. O-O Be6 11. Qh5 h6 12. Be3 Bd6 13. f4 g6 14. Qf3 Qh4
15. g3 Qh3 16. f5 gxf5 17. Bxf5 Bxf5 18. Qxf5 Qxf5 19. Rxf5 Rh7 20. Rh5 Kd7 21.
Rf1 b6 22. Rf6 Re8 23. Kf2 Re6 24. Rxe6 Kxe6 25. Rxh6+ Rxh6 26. Bxh6 Kf5 27.
Kf3 c5 28. Bf4 Bxf4 29. gxf4 Kg6 30. c4 dxc4 31. Ke4 a5 32. c3 b5 33. a3 b4 34.
Ke5 b3 35. f5+ Kg5 36. h3 a4 37. f6 Kg6 38. h4 1-0

[Event "4NCL Division 3 North"]
[Site "Bolton, ENG"]
[Date "2020.01.12"]
[Round "4.24"]
[White "Jennings, Roger W"]
[Black "Doran, Chris"]
[Result "1-0"]
[WhiteElo "1998"]
[BlackElo "2012"]
[PlyCount "61"]
[EventDate "2020.01.12"]
[WhiteTeam "Bradford DCA Knights A"]
[BlackTeam "J'Adoube 1"]

1. g3 g6 2. Bg2 Bg7 3. Nf3 d5 4. O-O Nf6 5. d3 O-O 6. Nc3 c5 7. Bd2 Nc6 8. Qc1
b6 9. Bh6 Bb7 10. Bxg7 Kxg7 11. e4 dxe4 12. dxe4 Qc7 13. Re1 Nd4 14. Nxd4 cxd4
15. Nd5 Nxd5 16. exd5 Qc5 17. Qf4 Kg8 18. Rad1 Bxd5 19. Bxd5 Qxd5 20. Qxd4 Qxd4
21. Rxd4 Rac8 22. Rxe7 Rxc2 23. Rxa7 Rxb2 24. Rdd7 b5 25. Rdb7 b4 26. Ra4 b3
27. axb3 Rc8 28. Raa7 Rc1+ 29. Kg2 Rcc2 30. Rxf7 Rxb3 31. Rg7+ 1-0

[Event "4NCL Division 3 North"]
[Site "Bolton, ENG"]
[Date "2020.01.12"]
[Round "4.25"]
[White "Edwards, Simon R"]
[Black "Bak, Andrew"]
[Result "0-1"]
[WhiteElo "1997"]
[BlackElo "1980"]
[PlyCount "56"]
[EventDate "2020.01.12"]
[WhiteTeam "J'Adoube 1"]
[BlackTeam "Bradford DCA Knights A"]

1. e4 c5 2. Nf3 Nc6 3. d4 cxd4 4. Nxd4 Nf6 5. Nc3 e5 6. Ndb5 d6 7. Bg5 a6 8.
Na3 b5 9. Bxf6 gxf6 10. Nd5 f5 11. exf5 Bxf5 12. c3 Bg7 13. Qf3 Bd7 14. Bd3 O-O
15. Bf5 Bxf5 16. Qxf5 Ne7 17. Nf6+ Bxf6 18. Qxf6 Ng6 19. Qf3 d5 20. O-O e4 21.
Qg3 f5 22. Rad1 f4 23. Qg4 Qd6 24. Rd4 Qe5 25. Rfd1 Rad8 26. c4 e3 27. fxe3
fxe3 28. Re1 Qf6 0-1

[Event "4NCL Division 3 North"]
[Site "Bolton, ENG"]
[Date "2020.01.12"]
[Round "4.26"]
[White "Patrick, David A"]
[Black "Floresc, Petru"]
[Result "0-1"]
[WhiteElo "1904"]
[BlackElo "1870"]
[PlyCount "60"]
[EventDate "2020.01.12"]
[WhiteTeam "Bradford DCA Knights A"]
[BlackTeam "J'Adoube 1"]

1. e4 c5 2. c3 d6 3. d4 b6 4. Bc4 Nf6 5. f3 e6 6. Ne2 Be7 7. O-O O-O 8. Bb3 Ba6
9. Re1 Nc6 10. Nf4 cxd4 11. cxd4 d5 12. exd5 exd5 13. Be3 Na5 14. Bc2 Nc4 15.
Bc1 Bd6 16. Nd3 Qc7 17. f4 Rac8 18. Nc3 Rfe8 19. Rxe8+ Rxe8 20. Ne5 b5 21. a3
Nxa3 22. Bd3 Qb6 23. Kh1 Nc4 24. Nxd5 Nxd5 25. Bxh7+ Kh8 26. Nxf7+ Kxh7 27.
Qh5+ Kg8 28. Nh6+ gxh6 29. Qxe8+ Bf8 30. b3 Qxd4 0-1

[Event "4NCL Division 3 North"]
[Site "Bolton, ENG"]
[Date "2020.01.12"]
[Round "4.31"]
[White "Crocker, Philip J"]
[Black "Burke, Mitchell R"]
[Result "1/2-1/2"]
[WhiteElo "2090"]
[BlackElo "2095"]
[PlyCount "82"]
[EventDate "2020.01.12"]
[WhiteTeam "Spirit of Atticus B"]
[BlackTeam "3Cs 2"]

1. d4 Nf6 2. c4 c5 3. d5 b5 4. cxb5 a6 5. bxa6 g6 6. Nc3 Bxa6 7. e4 Bxf1 8.
Kxf1 d6 9. Nf3 Bg7 10. g3 O-O 11. Kg2 Nbd7 12. Qe2 Qa5 13. a4 Rfb8 14. Ra3 Rb4
15. e5 dxe5 16. Nxe5 Nxe5 17. Qxe5 c4 18. Rd1 Rb7 19. Qe2 Qc5 20. Be3 Qb4 21.
a5 Rxa5 22. Rxa5 Qxa5 23. Qxc4 Rc7 24. Qa4 Qxa4 25. Nxa4 Ng4 26. Rd2 Rb7 27.
Bd4 Rb4 28. Bxg7 Kxg7 29. Nc3 Ne5 30. Re2 Nd3 31. Rxe7 Rxb2 32. Re2 Rb3 33. Nd1
Rb5 34. Ne3 f5 35. f4 Kf6 36. Rd2 Rb2 37. Rxb2 Nxb2 38. Kf2 Ke7 39. Ke2 Kd6 40.
Kd2 Kc5 41. g4 fxg4 1/2-1/2

[Event "4NCL Division 3 North"]
[Site "Bolton, ENG"]
[Date "2020.01.12"]
[Round "4.32"]
[White "Hazlehurst, Cory S"]
[Black "Ackley, Peter J E"]
[Result "1/2-1/2"]
[WhiteElo "2020"]
[BlackElo "2021"]
[PlyCount "79"]
[EventDate "2020.01.12"]
[WhiteTeam "3Cs 2"]
[BlackTeam "Spirit of Atticus B"]

1. d4 d6 2. Nf3 g6 3. g3 Bg7 4. Bg2 Nd7 5. O-O e5 6. e4 Ngf6 7. Re1 O-O 8. Nc3
c6 9. a4 a5 10. h3 Qc7 11. Be3 Re8 12. Qd2 exd4 13. Nxd4 Nc5 14. Bf4 Nh5 15.
Bh6 Be6 16. Bxg7 Nxg7 17. Rad1 Rad8 18. b3 f5 19. Kh2 fxe4 20. Nxe4 Nxe4 21.
Rxe4 d5 22. Re3 Bc8 23. Rde1 Rxe3 24. Rxe3 Re8 25. Rxe8+ Nxe8 26. Qc3 Bd7 27.
Qc5 Kf7 28. Nf3 Bf5 29. Ng5+ Kg8 30. c4 h6 31. Nf3 dxc4 32. Qxc4+ Kh7 33. Nd4
Ng7 34. Qc5 Ne6 35. Nxe6 Bxe6 36. Qc3 Qb6 37. Qf6 Qxb3 38. Be4 Bf7 39. Bc2 Qe6
40. Bxg6+ 1/2-1/2

[Event "4NCL Division 3 North"]
[Site "Boston ENG"]
[Date "2020.01.12"]
[Round "4.33"]
[White "Bimpson, Tom"]
[Black "Rita, Joao Candido"]
[Result "0-1"]
[WhiteElo "1940"]
[BlackElo "1985"]
[PlyCount "74"]
[EventDate "2019.02.10"]
[EventCountry "USA"]
[WhiteTeam "Spirit of Atticus B"]
[BlackTeam "3C's 2"]

1. d4 Nf6 2. Nf3 c5 3. d5 e6 4. Bg5 Qa5+ 5. Nbd2 Nxd5 6. e4 Ne7 7. Be2 Nbc6 8.
O-O d5 9. c3 Qc7 10. Re1 h6 11. Bh4 dxe4 12. Bg3 Qd8 13. Nxe4 Qxd1 14. Raxd1
Nf5 15. Nd6+ Nxd6 16. Bxd6 Bxd6 17. Rxd6 Ke7 18. Red1 Nd4 19. Nxd4 Kxd6 20.
Nf5+ Kc7 21. Nxg7 Bd7 22. Nh5 Rad8 23. b4 Ba4 24. Rc1 Rd2 25. Bf3 Bc6 26. Bxc6
Kxc6 27. Kf1 Rhd8 28. a4 Rd1+ 29. Rxd1 Rxd1+ 30. Ke2 Ra1 31. Nf4 cxb4 32. cxb4
Rxa4 33. Nd3 Kb5 34. g4 Rxb4 35. Nxb4 Kxb4 36. h4 e5 37. h5 f6 0-1

[Event "4NCL Division 3 North"]
[Site "Bolton, ENG"]
[Date "2020.01.12"]
[Round "4.34"]
[White "Adams, Philip"]
[Black "Johnson, Michael D"]
[Result "1/2-1/2"]
[WhiteElo "2042"]
[BlackElo "1942"]
[PlyCount "56"]
[EventDate "2020.01.12"]
[WhiteTeam "3Cs 2"]
[BlackTeam "Spirit of Atticus B"]

1. Nf3 d5 2. g3 Nf6 3. Bg2 g6 4. O-O Bg7 5. c4 c6 6. d3 dxc4 7. dxc4 Qxd1 8.
Rxd1 Bg4 9. Nc3 Bxf3 10. exf3 O-O 11. Be3 Nbd7 12. Rd2 Rfd8 13. Rad1 Kf8 14.
Ne4 Ke8 15. Nxf6+ Bxf6 16. b3 Nb6 17. Bh3 Rxd2 18. Rxd2 Rd8 19. Rxd8+ Kxd8 20.
Kf1 e6 21. Ke2 Nc8 22. f4 b6 23. Kd3 c5 24. Bg2 Kc7 25. g4 Ne7 26. Be4 Nc6 27.
Bxc6 Kxc6 28. Ke4 Kd6 1/2-1/2

[Event "4NCL Division 3 North"]
[Site "Bolton, ENG"]
[Date "2020.01.12"]
[Round "4.35"]
[White "Mort, Andrew J"]
[Black "Burton, Graham P"]
[Result "1/2-1/2"]
[WhiteElo "1922"]
[BlackElo "2020"]
[PlyCount "62"]
[EventDate "2020.01.12"]
[WhiteTeam "Spirit of Atticus B"]
[BlackTeam "3Cs 2"]

1. d4 Nf6 2. Nc3 c5 3. d5 d6 4. e4 g6 5. g3 Bg7 6. Bg2 O-O 7. Nge2 Na6 8. O-O
Nc7 9. a4 a6 10. h3 Rb8 11. Be3 Nd7 12. f4 b5 13. axb5 axb5 14. Qd2 Nb6 15. Bf2
Nc4 16. Qc1 b4 17. Nd1 Bd7 18. Rb1 Bb5 19. Re1 Nb6 20. g4 Bxe2 21. Rxe2 Nb5 22.
Re1 c4 23. Bf1 Nd4 24. Bg2 Qc7 25. Qd2 c3 26. bxc3 bxc3 27. Qd3 Qc4 28. Nxc3
Rfc8 29. Qxc4 Rxc4 30. Ne2 Nxc2 31. Rec1 Nd7 1/2-1/2

[Event "4NCL Division 3 North"]
[Site "Bolton, ENG"]
[Date "2020.01.12"]
[Round "4.36"]
[White "Ye, Kevin"]
[Black "Buckley, Colm"]
[Result "1/2-1/2"]
[WhiteElo "1997"]
[BlackElo "1915"]
[PlyCount "51"]
[EventDate "2020.01.12"]
[WhiteTeam "3Cs 2"]
[BlackTeam "Spirit of Atticus B"]

1. e4 e6 2. d4 d5 3. exd5 exd5 4. c4 Nf6 5. Nc3 Be7 6. Nf3 O-O 7. Bd3 dxc4 8.
Bxc4 c6 9. O-O Bg4 10. Re1 Nbd7 11. Bg5 Nb6 12. Bd3 h6 13. Bh4 Nbd5 14. h3 Be6
15. Ne5 Nf4 16. Bc2 Nd7 17. Nxd7 Qxd7 18. Bxe7 Qxe7 19. Qf3 Qc7 20. Re5 Ng6 21.
Qd3 Rfe8 22. Rae1 Bd7 23. Rxe8+ Rxe8 24. Rxe8+ Bxe8 25. Qe2 Qe7 26. Qxe7
1/2-1/2

[Event "4NCL Division 3 North"]
[Site "Bolton, ENG"]
[Date "2020.01.12"]
[Round "4.41"]
[White "Carpenter, Martin"]
[Black "Whyte, Brian G"]
[Result "0-1"]
[WhiteElo "2032"]
[BlackElo "2125"]
[PlyCount "52"]
[EventDate "2020.01.12"]
[WhiteTeam "Jorvik"]
[BlackTeam "Shropshire 1"]

1. e4 e5 2. Nf3 Nc6 3. Bb5 a6 4. Ba4 Nf6 5. O-O b5 6. Bb3 Bc5 7. Re1 d6 8. h3
O-O 9. c3 h6 10. a4 Rb8 11. d4 Bb6 12. Na3 Bd7 13. axb5 axb5 14. Bc2 Re8 15.
Nxb5 Nxd4 16. Nfxd4 exd4 17. Nxd4 Ra8 18. Bf4 Rxa1 19. Qxa1 Nh7 20. Qd1 Qf6 21.
Bg3 Nf8 22. Nf3 Qe6 23. Bb3 Qg6 24. e5 Qxg3 25. Nd4 Bxd4 26. Qxd4 Qg6 0-1

[Event "4NCL Division 3 North"]
[Site "Bolton, ENG"]
[Date "2020.01.12"]
[Round "4.42"]
[White "Paul, Nathanael"]
[Black "Hodge, Steve R"]
[Result "1-0"]
[WhiteElo "2072"]
[BlackElo "1982"]
[PlyCount "37"]
[EventDate "2020.01.12"]
[WhiteTeam "Shropshire 1"]
[BlackTeam "Jorvik"]

1. d4 f5 2. Bf4 Nf6 3. e3 g6 4. Nc3 Bg7 5. Bc4 e6 6. d5 d6 7. dxe6 Nc6 8. Nf3
h6 9. Nb5 Ne7 10. Bxd6 cxd6 11. Nxd6+ Kf8 12. O-O Qc7 13. Qd3 b6 14. Ne5 Ne8
15. Nxg6+ Nxg6 16. Qxf5+ Ke7 17. Nxe8 Kxe8 18. Qxg6+ Kf8 19. Qf5+ 1-0

[Event "4NCL Division 3 North"]
[Site "Bolton, ENG"]
[Date "2020.01.12"]
[Round "4.43"]
[White "Turner, Tim M"]
[Black "Jamieson, Ian"]
[Result "1/2-1/2"]
[WhiteElo "1797"]
[BlackElo "1990"]
[PlyCount "85"]
[EventDate "2020.01.12"]
[WhiteTeam "Jorvik"]
[BlackTeam "Shropshire 1"]

1. c4 b6 2. Nc3 e6 3. Nf3 Bb7 4. g3 Bxf3 5. exf3 c5 6. Bg2 Nc6 7. O-O a6 8. d3
Nge7 9. Bg5 h6 10. Be3 Nf5 11. Ne2 Qf6 12. f4 Be7 13. d4 Rb8 14. d5 Ncd4 15.
Nc3 O-O 16. Re1 Bd8 17. Qd3 b5 18. cxb5 axb5 19. Ne4 Qe7 20. d6 Nxd6 21. Nxc5
N4f5 22. Na6 Rc8 23. Bc5 Rxc5 24. Nxc5 Ba5 25. Re2 Nc4 26. Nb3 Bb6 27. Rd1 Nfd6
28. Nd4 Rc8 29. b3 Na3 30. Nxe6 dxe6 31. Qxd6 Qa7 32. Be4 g6 33. Qd7 Rc7 34.
Qe8+ Kg7 35. Kg2 Re7 36. Qa8 b4 37. Qxa7 Rxa7 38. Rd6 Bc5 39. Rc6 Bd4 40. g4
Nb5 41. Rc4 Bc3 42. Bb1 Na3 43. Bd3 1/2-1/2

[Event "4NCL Division 3 North"]
[Site "Bolton, ENG"]
[Date "2020.01.12"]
[Round "4.44"]
[White "Bryant, Richard B E"]
[Black "Flint, Martina"]
[Result "0-1"]
[WhiteElo "1982"]
[BlackElo "1802"]
[PlyCount "108"]
[EventDate "2020.01.12"]
[WhiteTeam "Shropshire 1"]
[BlackTeam "Jorvik"]

1. e4 g6 2. d4 d6 3. Nc3 Bg7 4. Be3 c6 5. f4 e6 6. Nf3 Ne7 7. Bd3 d5 8. e5 Nf5
9. Bf2 b6 10. g4 Nh6 11. Rg1 Ba6 12. Bh4 Qc7 13. Rc1 Bxd3 14. cxd3 Qd7 15. Ne2
a5 16. Bg5 Na6 17. Qd2 Rc8 18. f5 Ng8 19. f6 Bf8 20. Rf1 h5 21. h3 c5 22. Bf4
Nh6 23. dxc5 Nxc5 24. Ned4 Nb7 25. Rxc8+ Qxc8 26. gxh5 gxh5 27. Ke2 Nc5 28. Nh4
Nf5 29. Nhxf5 exf5 30. Rc1 Rg8 31. Kf2 Qd7 32. b3 Rg6 33. Ne2 d4 34. Rc4 Ne6
35. Qc1 Bc5 36. Qf1 Qd5 37. Bh2 Rg5 38. Rc1 f4 39. Nxf4 Qxe5 40. Re1 Qxf6 41.
Qh1 Kf8 42. Qa8+ Kg7 43. Qb8 Rg6 44. Rxe6 fxe6 45. Ke2 Rg5 46. Qe8 Re5+ 47. Kd1
Qf7 48. Qa8 Rf5 49. Qg2+ Kh6 50. Qd2 Kh7 51. Ne2 Bb4 52. Qb2 e5 53. Bg3 Rf1+
54. Kc2 Qc7+ 0-1

[Event "4NCL Division 3 North"]
[Site "Bolton, ENG"]
[Date "2020.01.12"]
[Round "4.45"]
[White "Anderson, Paul W"]
[Black "Higgie, Charles L"]
[Result "1-0"]
[WhiteElo "1752"]
[BlackElo "1982"]
[PlyCount "97"]
[EventDate "2020.01.12"]
[WhiteTeam "Jorvik"]
[BlackTeam "Shropshire 1"]

1. c4 e5 2. Nc3 Nc6 3. Nf3 f5 4. d4 e4 5. Ng5 h6 6. Nh3 Nf6 7. e3 Bb4 8. Bd2
O-O 9. a3 Be7 10. Nf4 Kh7 11. Nfd5 Nxd5 12. Nxd5 d6 13. Be2 Be6 14. Nxc7 Qxc7
15. d5 Ne5 16. dxe6 Qc8 17. b3 Qxe6 18. O-O Rfd8 19. Qc2 Rac8 20. Bc3 d5 21.
Qb2 Bf6 22. cxd5 Rxd5 23. Bd4 f4 24. Qb1 Ng6 25. Bxf6 gxf6 26. Bc4 f3 27. gxf3
exf3 28. Kh1 Qh3 29. Rg1 Rg5 30. Bf7 Rg2 31. Qxg6+ Rxg6 32. Bxg6+ Kh8 33. Rg3
Qe6 34. Rxf3 Qxb3 35. Rb1 Qxa3 36. Rxb7 Qc1+ 37. Kg2 Qc6 38. Rh7+ Kg8 39. e4
Rc7 40. Rg3 a5 41. Bf5+ Kf8 42. Rh8+ Ke7 43. Rxh6 a4 44. Rg7+ Kf8 45. Rxc7 Qxc7
46. Rh8+ Ke7 47. Rh7+ Kd6 48. Rxc7 Kxc7 49. Be6 1-0

[Event "4NCL Division 3 North"]
[Site "Bolton, ENG"]
[Date "2020.01.12"]
[Round "4.46"]
[White "Lewis, Christopher D"]
[Black "Andrews, Norman G"]
[Result "1-0"]
[WhiteElo "1975"]
[BlackElo "1598"]
[PlyCount "75"]
[EventDate "2020.01.12"]
[WhiteTeam "Shropshire 1"]
[BlackTeam "Jorvik"]

1. e4 c5 2. Nf3 g6 3. c3 Bg7 4. d4 cxd4 5. cxd4 d5 6. exd5 Qxd5 7. Nc3 Qd8 8.
Bc4 Nf6 9. O-O O-O 10. Ne5 Nfd7 11. Bf4 Nxe5 12. Bxe5 Nc6 13. Bxg7 Kxg7 14. d5
Ne5 15. Qd4 f6 16. Bb3 Bf5 17. Rad1 Nf7 18. Rfe1 Nd6 19. Ne2 Bd7 20. Nf4 Re8
21. Ne6+ Bxe6 22. Rxe6 Nb5 23. Qd3 Nc7 24. Re3 Qd6 25. Rde1 b5 26. Qe2 Kf7 27.
h4 a5 28. a4 b4 29. Bc4 Rad8 30. b3 Kf8 31. h5 g5 32. Qc2 Kg7 33. h6+ Kh8 34.
g3 Qd7 35. Re6 Nxe6 36. Rxe6 Qc7 37. Qe4 Rg8 38. Rxe7 1-0

[Event "4NCL Division 3 North"]
[Site "Bolton, ENG"]
[Date "2020.01.12"]
[Round "4.51"]
[White "Trueman, Glenn"]
[Black "Surtees, Mike J"]
[Result "1/2-1/2"]
[WhiteElo "1900"]
[BlackElo "2177"]
[PlyCount "77"]
[EventDate "2020.01.12"]
[WhiteTeam "Manchester Manticores 3"]
[BlackTeam "Bolton & Worsley"]

1. d4 Nf6 2. Nf3 e6 3. Bf4 h6 4. h3 b6 5. e3 Bb7 6. Bd3 d6 7. Nbd2 Nc6 8. c3
Qe7 9. Qa4 a6 10. e4 Nd7 11. Bg3 g6 12. O-O Bg7 13. Rfe1 O-O 14. Qc2 e5 15. d5
Nd8 16. Nf1 c6 17. c4 Rc8 18. Qe2 Kh7 19. Bh4 f6 20. Ne3 Rc7 21. dxc6 Bxc6 22.
Nd5 Bxd5 23. cxd5 a5 24. Nd2 Nb7 25. Rac1 Nbc5 26. Bb5 Rfc8 27. Nc4 h5 28. f3
Bh6 29. Rc3 Rb8 30. Na3 Rf8 31. Nc4 Rfc8 32. Na3 Rf8 33. Nc4 Bg5 34. Bf2 Rfc8
35. Na3 Rf8 36. Nc4 Rfc8 37. Na3 Rf8 38. Nc4 Rfc8 39. Na3 1/2-1/2

[Event "4NCL Division 3 North"]
[Site "Bolton, ENG"]
[Date "2020.01.12"]
[Round "4.52"]
[White "Sakic, Lorand"]
[Black "Tyton, Adam"]
[Result "1-0"]
[WhiteElo "2035"]
[BlackElo "1967"]
[PlyCount "91"]
[EventDate "2020.01.12"]
[WhiteTeam "Bolton & Worsley"]
[BlackTeam "Manchester Manticores 3"]

1. e4 c6 2. d4 d5 3. c4 dxe4 4. Nc3 Nf6 5. Nge2 Bf5 6. h3 h6 7. g4 Bh7 8. Bg2
e6 9. Ng3 Bd6 10. Ngxe4 Nxe4 11. Nxe4 Bxe4 12. Bxe4 Bb4+ 13. Kf1 Nd7 14. Qb3
Qe7 15. a3 Nf6 16. Bxc6+ bxc6 17. Qxb4 Qxb4 18. axb4 Ne4 19. Bf4 g5 20. Be3 O-O
21. Kg2 f5 22. Ra6 f4 23. Bc1 Rfc8 24. Re1 Nd6 25. c5 Nb5 26. Rxe6 Nxd4 27.
Rxh6 Kg7 28. Rd6 Nb3 29. Bd2 Nxd2 30. Rxd2 Rc7 31. Rd6 Rac8 32. Kf3 Rb8 33.
Rdxc6 Rxc6 34. Rxc6 Rxb4 35. Rc7+ Kf6 36. Rxa7 Rb3+ 37. Ke4 Rxb2 38. Ra4 Ke7
39. Kf5 Rxf2 40. Kxg5 f3 41. Rf4 Rf1 42. h4 f2 43. c6 Rc1 44. Rxf2 Rc5+ 45. Rf5
Rxc6 46. h5 1-0